000 01065nam0a2200301 4500
001 RU\NLR\bibl\1224322
005 20260406062729.0
010 _a978-5-91180-901-0
_93500
021 _aRU
_b2008-20693
_91134
035 _a(NLR Aleph) 001210647
090 _a76003
_c76003
100 _a20080508d2008 |||y0rusy50 ca
101 0 _arus
102 _aRU
105 _aa |||||||||
200 1 _aExcel 2007 без напряга
_fАндрей Жвалевский
210 _aСанкт-Петербург [и др.]
_cПитер
_d2008
215 _a167,[3] с.
_cил., цв. ил.
_d24
225 1 _aСерия "Без напряга"
606 1 _aMICROSOFT EXCEL 2007, электронные таблицы
_92483076
_3RU\NLR\auth\661473866
686 _aЗ973.233-018.2
700 1 _4070
_8rus
_7ca
_aЖвалевский
_bА. В.
_f1967-
_gАндрей Валентинович
_3RU\NLR\auth\7721526
_94588
801 0 _aRU
_bNLR
_c20080508
_gRCR
801 1 _aRU
_bNLR
_c20080508
830 _aавт. по кн.
942 _cBOOK
980 _aNB